000 00908nam a22002297a 4500
005 20100730145419.0
010 _aENG-97469
020 _a9788131729458
_c600.00
035 _aEN-81002
037 _bDBAD/PUB
082 _a337.154
100 _aIslam, Muinul
_93834
245 _aEconomic inregration in South Asia :
_cby Muinul Islam, Nitai Chandra Nag ; edited by Qazi Kholiquzzaman Ahmad /
_bissues and pathways
260 _aNew Delhi
_bPearson Education
_c2010
270 _a14 Local Shopping Centre, Panchasheel Park
_bNew Delhi
_e110017
300 _axlvi, 297 p.
_c25cm (Hb)
500 _aIncludes index
700 _92660
_aNag, Nitai Chandra
700 _aAhmad, Qazi Kholiquzzaman
_92725
942 _2ddc
_cEN
_mISL
_h337.154
999 _c38291
_d38291